Code of storm warning signals for use at indian maritime ports (Record no. 136)

MARC details
000 -LEADER
fixed length control field 00614nam a2200193Ia 4500
003 - CONTROL NUMBER IDENTIFIER
control field IN-BaIIA
008 - FIXED-LENGTH DATA ELEMENTS--GENERAL INFORMATION
fixed length control field 211028s9999 xx 000 0 eng d
040 ## - CATALOGING SOURCE
Transcribing agency IIA Library
080 ## - UNIVERSAL DECIMAL CLASSIFICATION NUMBER
Universal Decimal Classification number 551.5
Item number IMD
110 ## - MAIN ENTRY--CORPORATE NAME
Corporate name or jurisdiction name as entry element India Meteorological Department
9 (RLIN) 285
245 #0 - TITLE STATEMENT
Title Code of storm warning signals for use at indian maritime ports
Statement of responsibility, etc. India Meteorological Department
250 ## - EDITION STATEMENT
Edition statement 4th ed.
260 ## - PUBLICATION, DISTRIBUTION, ETC.
Place of publication, distribution, etc. Delhi
Name of publisher, distributor, etc. Manager of Publications
Date of publication, distribution, etc. 1937
300 ## - PHYSICAL DESCRIPTION
Extent 11p.
650 ## - SUBJECT ADDED ENTRY--TOPICAL TERM
Topical term or geographic name entry element Astronomy and Astrophysics Thesaurus
650 ## - SUBJECT ADDED ENTRY--TOPICAL TERM
Topical term or geographic name entry element Earth Atmosphere
9 (RLIN) 286
650 ## - SUBJECT ADDED ENTRY--TOPICAL TERM
Topical term or geographic name entry element Meteorology
9 (RLIN) 64
942 ## - ADDED ENTRY ELEMENTS (KOHA)
Koha item type Books
Holdings
Withdrawn status Lost status Damaged status Not for loan Home library Current library Shelving location Date acquired Cost, normal purchase price Total Checkouts Full call number Barcode Date last seen Cost, replacement price Price effective from Koha item type Purchase Price
        IIA Library-Bangalore IIA Library-Kodaikanal General Stacks   6.00   551.5/ IMD 95 05/11/2021 6.00   Books Rs. 6.00

Powered by Koha